Statistics for Sam & Cat Trivia

Click here to take the quiz!

General Stats

  • This quiz has been taken 677 times
  • The average score is 5 of 11

Answer Stats

HintAnswer% Correct
Who Has Curly Hair?Dice
90%
What is Cat's favorite snack?Bibble
78%
What Is The Fast Food Restaurant Called With Robots?Bots
58%
What Is Their Job?Babysitting
56%
What is Cat's Full Name?Cat Valentine
51%
What is Sam's and Cat's favorite show?That's A Drag
46%
Nona's nursing home is calledElderly Acres
40%
Sam's Favorite foodFried Chicken
39%
What is Sams Full Name?Samantha Puckett
36%
Sams twin sister isMelanie
32%
What is Goomer's real name?Geau Merr
2%

Score Distribution

Percentile by Number Answered

Percent of People with Each Score

Your Score History

You have not taken this quiz